书目信息

书名: 中华民族文库上 蒙古族系列
作者: 吴松林 主编
出版信息: 长春   吉林大学出版社  2012.03
开本页数: 22cm  221页
丛书名:
单 册:
中图分类: H319.4
科图分类:
主题词: 英语--汉语--对照读物 , 蒙古族--英雄史诗--中国 , 英语 , 汉语 , 蒙古族
电子资源:
ISBN: 978-7-5601-8092-2
000 00931nam0 2200301 45
001 012012001902
005 20070730161843.0
010    @a978-7-5601-8092-2@dCNY28.90
100    @a20120626d2012 em y0chiy0121 ea
101 @achi
102    @aCN@b220000
105    @ay z 000yy
106    @ar
200 @a中华民族文库@9zhong hua min zu wen ku@h上@e汉英对照@i蒙古族系列@i英雄格斯尔可汗@f吴松林主编
210    @a长春@c吉林大学出版社@d2012.03
215    @a221页@d22cm
330    @a本书主要内容:本书主要内容包括:镇压十二头魔之卷、北方部落保卫战之卷、严惩奸凶朝通之卷、营救若穆高娃夫人之卷等。
517 @a汉英对照
606 @a英语@x汉语@j对照读物
606 @a蒙古族@x英雄史诗@y中国
606 @a英语
606 @a汉语
606 @a蒙古族
610 @a英雄史诗
690    @aH319.4@v4
701  0 @a吴松林@9wu song lin@4主编
801  0 @aCN@bSOFMIT@c
905    @aCKNYKJZYXY@b300417354-6@dH319.4@e362@f3
    
    中华民族文库.上:汉英对照.蒙古族系列.英雄格斯尔可汗/吴松林主编.-长春:吉林大学出版社,2012.03
    221页;22cm
    
    
    ISBN 978-7-5601-8092-2:CNY28.90
    本书主要内容:本书主要内容包括:镇压十二头魔之卷、北方部落保卫战之卷、严惩奸凶朝通之卷、营救若穆高娃夫人之卷等。
相关链接 在五车中查询图书 在当当中查询图书 在豆瓣中查询图书


正题名:中华民族文库     索取号:H319.4/362         预约/预借

序号 登录号 条形码 馆藏地/架位号 状态 备注
1 417354   300417354   海科密-1楼/24架5列3层/ [索取号:H319.4/362] 在馆    
2 417355   300417355   柳城-3楼/17架4列4层/ [索取号:H319.4/362] 在馆    
3 417356   300417356   柳城-3楼/17架4列4层/ [索取号:H319.4/362] 在馆